Journal für Betriebswirtschaft

Salvato in:
Dettagli Bibliografici
Natura: Periodico
Lingua:tedesco
Pubblicazione: Wien LINDE
Soggetti:
Tags: Aggiungi Tag
Nessun Tag, puoi essere il primo ad aggiungerne!!

MARC

LEADER 00000nas1a22000001 4500
001 s120813
005 20250623083159.1
022 |a 0344-9327 
022 |a 1614-631X 
041 0 |a ger 
044 |a AT 
245 1 0 |a Journal für Betriebswirtschaft 
264 1 |a Wien  |b LINDE 
500 |a Od roku 2014 pokračuje ako Management Review Quarterly 
610 2 0 |a hospodárstvo podnikové